00649nam a2200217Ia 450000500170000000800410001702000150005808200210007310000150009410000140010924500760012326000380019930000170023765000160025465000130027065000130028365000170029694200060031395200970031999900150041620250127061010.0240331s9999 xx 000 0 und d a0415115108 bPRI23925a304.6 aPrincen, T aFinger, M 0aEnviornmental NGOs in World Politics:bLinking the Local and the Global aLondonaNew YorkbRoutledgec1994 axiv, 262 p., aEnvironment aPolitics aAdvocacy aConservation cL 001040708LaWERCLbWERCLcSSCd2024-03-31l0o 304.6 PRIp3925r2024-03-31w2024-03-31yL c1457d1457